MARC details
| 000 -CABECERA |
| campo de control de longitud fija |
02491cam a2200289Ii 4500 |
| 001 - NÚMERO DE CONTROL |
| campo de control |
12434046 |
| 005 - FECHA Y HORA DE LA ÚLTIMA TRANSACCIÓN |
| campo de control |
20251022145355.0 |
| 008 - DATOS DE LONGITUD FIJA--INFORMACIÓN GENERAL |
| campo de control de longitud fija |
210521s2022 enka b 001 0 eng d |
| 020 ## - NÚMERO INTERNACIONAL ESTÁNDAR DEL LIBRO |
| Número Internacional Estándar del Libro |
9781108431651 |
| 035 ## - NÚMERO DE CONTROL DEL SISTEMA |
| Número de control de sistema |
(OCoLC)on1252050917 |
| 035 ## - NÚMERO DE CONTROL DEL SISTEMA |
| Número de control de sistema |
(CaBVaU)12434046 |
| 040 ## - FUENTE DE LA CATALOGACIÓN |
| Centro catalogador/agencia de origen |
YDX |
| Lengua de catalogación |
eng |
| Centro/agencia transcriptor |
YDX |
| Normas de descripción |
rda |
| Centro/agencia modificador |
BDX |
| -- |
UKMGB |
| -- |
OCLCO |
| -- |
OCLCF |
| -- |
NZLEP |
| -- |
GZP |
| -- |
OCLCO |
| -- |
ORZ |
| -- |
ICV |
| -- |
OCLCO |
| -- |
MCO |
| -- |
NhCcYME |
| -- |
UtOrBLW |
| 041 ## - CÓDIGO DE LENGUA |
| Código de lengua del texto/banda sonora o título independiente |
eng |
| 050 #4 - SIGNATURA TOPOGRÁFICA DE LA BIBLIOTECA DEL CONGRESO |
| Número de clasificación |
HB3716 |
| Número de documento/Ítem |
.Q56 2022 |
| 100 ## - ENTRADA PRINCIPAL--NOMBRE DE PERSONA |
| Nombre de persona |
Quinn, William |
| Fechas asociadas al nombre |
1990- |
| Término indicativo de función/relación |
author |
| 9 (RLIN) |
26265 |
| 245 10 - MENCIÓN DE TÍTULO |
| Título |
Boom and bust |
| Resto del título |
: a global history of financial bubbles |
| Mención de responsabilidad, etc. |
/ William Quinn, John D. Turner. |
| 246 30 - FORMA VARIANTE DE TÍTULO |
| Título propio/Titulo breve |
Global history of financial bubbles |
| 260 ## - PUBLICACIÓN, DISTRIBUCIÓN, ETC. |
| Lugar de publicación, distribución, etc. |
Cambridge ; |
| -- |
New York, NY : |
| Nombre del editor, distribuidor, etc. |
Cambridge University Press, |
| Fecha de publicación, distribución, etc. |
2022. |
| 300 ## - DESCRIPCIÓN FÍSICA |
| Extensión |
viii, 365 pages : |
| Otras características físicas |
illustrations ; |
| Dimensiones |
20 cm. |
| 504 ## - NOTA DE BIBLIOGRAFÍA, ETC. |
| Nota de bibliografía, etc. |
Includes bibliographical references (pages [270]-354) and index. |
| 505 ## - NOTA DE CONTENIDO CON FORMATO |
| Nota de contenido con formato |
The bubble triangle — 1720 and the invention of the bubble — Marketability revived : the first emerging market bubble — Democratising speculation : the great railway mania — Other people's money : the Australian land boom — Wheeler-dealers : the British bicycle mania — The roaring twenties and the Wall Street crash — Blowing bubbles for political purposes : Japan in the 1980s — The dot-com bubble — "No more boom and bust" : the subprime bubble — Casino capitalism with Chinese characteristics — Predicting bubbles. |
| 520 ## - SUMARIO, ETC. |
| Sumario, etc. |
Why do stock and housing markets sometimes experience amazing booms followed by massive busts and why is this happening more and more frequently? In order to answer these questions, William Quinn and John D. Turner take us on a riveting ride through the history of financial bubbles, visiting, among other places, Paris and London in 1720, Latin America in the 1820s, Melbourne in the 1880s, New York in the 1920s, Tokyo in the 1980s, Silicon Valley in the 1990s and Shanghai in the 2000s. As they do so, they help us understand why bubbles happen, and why some have catastrophic economic, social and political consequences whilst others have actually benefited society. They reveal that bubbles start when investors and speculators react to new technology or political initiatives, showing that our ability to predict future bubbles will ultimately come down to being able to predict these sparks. |
| 650 #0 - PUNTO DE ACCESO ADICIONAL DE MATERIA--TÉRMINO DE MATERIA |
| Término de materia o nombre geográfico como elemento de entrada |
Business cycles |
| Subdivisión general |
History |
| 9 (RLIN) |
26266 |
| 650 #0 - PUNTO DE ACCESO ADICIONAL DE MATERIA--TÉRMINO DE MATERIA |
| Término de materia o nombre geográfico como elemento de entrada |
Financial crises |
| Subdivisión general |
History |
| 9 (RLIN) |
26267 |
| 650 #0 - PUNTO DE ACCESO ADICIONAL DE MATERIA--TÉRMINO DE MATERIA |
| Término de materia o nombre geográfico como elemento de entrada |
Business forecasting |
| 9 (RLIN) |
6240 |
| 942 ## - ELEMENTOS DE ENTRADA AGREGADA (KOHA) |
| Fuente del sistema de clasificación o colocación |
Clasificación de Library of Congress |